[Event "Stay Safe Play From Home 222"]
[Site "T#646744Emanuel Laske"]
[Date "2020.06.12"]
[Round "7"]
[White "BOODWUTCHER"]
[Black "Edmatuag"]
[Result "0-1"]
[WhiteElo "1220"]
[BlackElo "1753"]
[Annotator "NA RC"]
[PlyCount "76"]
[EventDate "2020.06.12"]
[EventType "swiss (blitz)"]

1. d4 {[%emt 0:00:01]} f5 {[%emt 0:00:01]} 2. e3 {[%emt 0:00:01]} g6 {[%emt 0:00:01]} 3. Bc4 {[%emt 0:00:03]} Bg7 {[%emt 0:00:01]} 4. c3 {[%emt 0:00:02]} Nf6 {[%emt 0:00:02]} 5. f4 {[%emt 0:00:01]} e6 {[%emt 0:00:01]} 6. Nf3 {[%emt 0:00:01]} d5 {[%emt 0:00:02]} 7. Bb3 {[%emt 0:00:05]} O-O {[%emt 0:00:02]} 8. O-O {[%emt 0:00:01]} b6 {[%emt 0:00:05]} 9. Nbd2 {[%emt 0:00:02]} c5 {[%emt 0:00:02]} 10. Ne5 {[%emt 0:00:14]} Bb7 {[%emt 0:00:12]} 11. Rf3 {[%emt 0:00:11]} Nbd7 {[%emt 0:00:03]} 12. Rh3 {[%emt 0:00:03]} Nxe5 {[%emt 0:00:05]} 13. fxe5 {[%emt 0:00:10]} Ng4 {[%emt 0:00:02]} 14. Nf3 {[%emt 0:00:02]} h5 {[%emt 0:00:08]} 15. Ng5 {[%emt 0:00:06]} Qxg5 {[%emt 0:00:07]} 16. e4 {[%emt 0:00:02]} f4 {[%emt 0:00:05]} 17. Bd2 {[%emt 0:00:28]} Ne3 {[%emt 0:00:03]} 18. Bxe3 {[%emt 0:00:08]} fxe3 {[%emt 0:00:02]} 19. Rf3 {[%emt 0:00:10]} Rxf3 {[%emt 0:00:02]} 20. Qxf3 {[%emt 0:00:02]} Rf8 {[%emt 0:00:01]} 21. Qg3 {[%emt 0:00:01]} Qxg3 {[%emt 0:00:02]} 22. hxg3 {[%emt 0:00:02]} Rf2 {[%emt 0:00:02]} 23. Re1 {[%emt 0:00:03]} Bh6 {[%emt 0:00:02]} 24. exd5 {[%emt 0:00:13]} Bxd5 {[%emt 0:00:05]} 25. c4 {[%emt 0:00:02]} Rxg2+ {[%emt 0:00:04]} 26. Kf1 {[%emt 0:00:06]} Bf3 {[%emt 0:00:07]} 27. d5 {[%emt 0:00:07]} e2+ {[%emt 0:00:05]} 28. Rxe2 {[%emt 0:00:21]} Rxe2 {[%emt 0:00:00]} 29. Bd1 {[%emt 0:00:07]} Re3 {[%emt 0:00:01]} 30. Bxf3 {[%emt 0:00:02]} Rxf3+ {[%emt 0:00:01]} 31. Ke2 {[%emt 0:00:02]} Re3+ {[%emt 0:00:03]} 32. Kf2 {[%emt 0:00:07]} exd5 {[%emt 0:00:00]} 33. e6 {[%emt 0:00:04]} Rxe6 {[%emt 0:00:02]} 34. cxd5 {[%emt 0:00:01]} Rd6 {[%emt 0:00:03]} 35. Kf3 {[%emt 0:00:01]} Rxd5 {[%emt 0:00:01]} 36. Ke4 {[%emt 0:00:01]} Rd2 {[%emt 0:00:01]} 37. b4 {[%emt 0:00:09]} c4 {[%emt 0:00:02]} 38. a4 {[%emt 0:00:04]} c3 {[%emt 0:00:01] BOODWUTCHER resigns (Lag: Av=0.57s, max=4.4s)} 0-1